000 00281nam a22001337a 4500
008 171006b xxu||||| |||| 00| 0 eng d
020 _a9780195309928
041 _aeng
080 _a159.9
100 _a49
101 _aPSI
245 _aINTERPLAY
_cADLER, R.B
942 _2udc
_cBK
999 _c32418
_d32418